| 000 | 00823cam a2200241 4500 | ||
|---|---|---|---|
| 005 | 20220502095104.0 | ||
| 008 | 220502b mx ||||| |||| 00| 0 spa d | ||
| 020 | _a9789681608521 | ||
| 050 | 0 | 4 |
_aHM271 _bF76 1956 |
| 050 | 0 | 4 |
_aHM1251 _bF76 1956 |
| 100 | 1 | _aFromm, Erich | |
| 240 | 1 | 4 |
_aThe sane society. _lEspañol |
| 245 | 1 | 0 |
_aPsicoanálisis de la sociedad contemporanea _b : hacia una sociedad sana _c / Erich Fromm ; tr. Florentino M. Torner. |
| 250 | _a1a ed | ||
| 260 |
_aMéxico : _bFondo de Cultura Económica, _c1956 |
||
| 300 |
_a308 p. ; _c21 cm. |
||
| 490 | 0 | _aBiblioteca de Psicología y psicoanálisis | |
| 504 | _aIncluye bibliografía e índice | ||
| 650 | 7 |
_2lemb _aPsicología social |
|
| 650 | 7 |
_2lemb _aPsicoanálisis |
|
| 700 | 1 |
_aTorner, Florentino M., _etraductor |
|
| 942 |
_2lcc _cLIB |
||
| 999 |
_c112877 _d112877 |
||